|
|
|
|
| LEADER |
00674cam a2200193 7i4500 |
| 001 |
0000004516 |
| 005 |
19991025090000.0 |
| 002 |
##000006015 |
| 020 |
0 |
0 |
|a 981-3055-17-0
|
| 090 |
0 |
0 |
|a SEA 330.9
|b INS
|
| 110 |
1 |
0 |
|a Institute of Southeast Asian Studies
|
| 245 |
1 |
0 |
|a Regional outlook Southeast Asia 1996-97.
|
| 260 |
0 |
0 |
|a Singapore:
|b Institute of Southeast Asian Studies,
|c 1996.
|
| 300 |
0 |
0 |
|a 82 p..
|
| 650 |
0 |
0 |
|a Economic conditions --
|z South East Asia
|
| 651 |
0 |
0 |
|a South East Asia
|
| 710 |
1 |
1 |
|a Institute of Southeast Asian Studies (ISEAS)
|
| 999 |
|
|
|a 0000007562
|b Book
|c Open shelf
|e Business Information Centre
|
| 999 |
|
|
|a 0000007000
|b Book
|c Open shelf
|e Business Information Centre
|